000 00603nam a2200181Ia 4500
003 GCL
005 20240530105346.0
008 140319s9999 xx 000 0 ara d
040 _aGCL /
_cGCL
082 0 4 _a323.5
_bم ح
100 1 _aملحم قربان
245 1 0 _aقضايا الفكر السياسى : الحقوق الطبيعية /
_cملحم قربان
260 _a[S.N] :
_bالمؤسسة الجامعية للدراسات والنشر والتوزيع ،
_c1983
300 _a248 ص
650 0 4 _aالحقوق السياسية
650 0 4 _aحقوق الانسان
942 _2ddc
_cBK
999 _c55274
_d55274